000 01058nam0a22002531 4500
001 rc\841344
005 20250622012907.0
035 _a(NLR Aleph) 006022672
090 _a7444424
_c7444424
100 _a20041129d1984 |||y0rusy50 ca
101 0 _arus
102 _aRU
105 _ay |||||||||
200 1 _aМЕТОДИЧЕСКИЕ рекомендации по изучению и воспитанию личности
_e(Для руководителей труд. коллективов)
_fМотовозоремонт. з-д им. Шпагина, Каф. психологии Перм. гос. пед. ин-та
_g[Сост. В.В. Белоус и др.]
210 _aПермь
_cБ. и.
_d1984
215 _a43 с.
_d20
320 _aБиблиогр.: с. 42
702 1 _aБелоус
_bВ.В.
_gВалерий Владимирович
_4220
712 0 2 _aМотовозоремонтный з-д им. Шпагина
_cПермь
801 0 _aRU
_bNLR
_gpsbo
801 1 _aRU
_bELAR
_2rusmarc
852 _aNLR
_j87-4/15261
942 _cBOOK
980 _aNB